Statistics for Stardew Valley - All Villagers

Click here to take the quiz!

General Stats

  • This quiz has been taken 64 times
    (49 since last reset)
  • The average score is 35 of 45

Answer Stats

Answer% Correct
Abigail
97%
Pierre
97%
Robin
97%
Demetrius
95%
Haley
95%
Emily
92%
Jas
92%
Lewis
92%
Maru
92%
Sebastian
92%
Caroline
89%
Elliott
89%
Jodi
89%
Kent
89%
Leah
89%
Marnie
89%
Penny
89%
Sam
89%
Shane
89%
Vincent
89%
Alex
86%
Willy
86%
George
84%
Pam
84%
Evelyn
81%
Krobus
81%
Sandy
81%
Wizard
81%
Clint
78%
Dwarf
78%
Gus
78%
Gunther
76%
Harvey
73%
Linus
70%
Mr Qi
70%
Marlon
68%
Morris
65%
Leo
59%
Birdie
51%
Gil
51%
Bouncer
38%
Henchman
38%
Governor
30%
Grandpa
30%
Professor Snail
22%

Score Distribution

Percentile by Number Answered

Percent of People with Each Score

Your Score History

You have not taken this quiz since the last reset